| 000 | 00669nam a2200217Ia 4500 | ||
|---|---|---|---|
| 001 | 7313 | ||
| 003 | GE_BSU | ||
| 008 | 181216s||||||||xx |||||||||||||| ||und|| | ||
| 020 | _a9992843586 | ||
| 040 | _cGE_BSU | ||
| 080 | _a61(560)+929(560)(092) | ||
| 100 | _aსურმანიძე რამაზ | ||
| 245 | _aისმეთ დინდარი. | ||
| 245 | _cრედ.: ჯამბულ სურმანიძე. | ||
| 260 | _aბათუმი – სტამბოლი. | ||
| 260 | _bალიონი. | ||
| 260 | _c2010. | ||
| 300 | _a106 გვ.; 20 სმ.; ილ. | ||
| 653 | _aისმეთ დინდარი. | ||
| 942 | _cBK | ||
| 999 |
_c40678 _d40678 |
||